000 01723nam a22003734a 4500
001 ebr10351509
003 CaPaEBR
006 m u
007 cr cn|||||||||
008 060406s2006 ncuab sb s001 0 eng
010 _z 2006011353
020 _z0807830577 (cloth : alk. paper)
020 _z9780807830574 (cloth : alk. paper)
020 _z9780807830574
040 _aCaPaEBR
_cCaPaEBR
035 _a(OCoLC)646875505
043 _an-usu--
050 1 4 _aGF504.S6
_bK57 2006eb
082 0 4 _a304.20975
_222
100 1 _aKirby, Jack Temple.
245 1 0 _aMockingbird song
_h[electronic resource] :
_becological landscapes of the South /
_cJack Temple Kirby.
260 _aChapel Hill :
_bUniversity of North Carolina Press,
_cc2006.
300 _axx, 361 p. :
_bill., maps.
504 _aIncludes bibliographical references (p. [331]-355) and index.
505 0 _aPrologue: An orientation mostly along St. Johns River -- Original civilizations -- Plantation traditions -- Commoners and the commons -- Matanzas and mastery -- Enchantment and equilibrium -- Cities of clay -- Epilogue: Postmodern landscapes.
533 _aElectronic reproduction.
_bPalo Alto, Calif. :
_cebrary,
_d2013.
_nAvailable via World Wide Web.
_nAccess may be limited to ebrary affiliated libraries.
650 0 _aHuman ecology
_zSouthern States.
650 0 _aGeographical perception
_zSouthern States.
650 0 _aLandscape assessment
_zSouthern States.
651 0 _aSouthern States
_xEnvironmental conditions.
655 7 _aElectronic books.
_2local
710 2 _aebrary, Inc.
856 4 0 _uhttp://site.ebrary.com/lib/rucke/Doc?id=10351509
_zAn electronic book accessible through the World Wide Web; click to view
999 _c45901
_d45901